000
00277nam a2200097Ia 4500
008
171211s9999 xx 000 0 und d
245
_a
Submarine Torpedo Tactics: An American History
245
_c
Edward Monroe Jones and Shawn S. Roderick
260
_c
2014
650
_x
Military
999
_c
348329
_d
348329